Statistiques concernant Les clubs de football français ayant atteint au moins les quarts de finale d'une coupe d'Europe (C1, C2, C3)

Cliquez ici pour prendre le quiz!

Statistiques générales

  • Ce quiz a été pris 376 fois
  • Le résultat moyen est 53 sur 68

Statistiques - réponses

Année / Compétition Club % Correct
1988 (demi-finale C2)Olympique de Marseille
97%
1983 (quart de finale C2)Paris Saint-Germain
97%
1964 (demi-finale C2)Olympique Lyonnais
95%
1989 (quart de finale C1)AS Monaco
91%
1956 (FINALE C1)Stade de Reims
86%
1975 (demi-finale C1)AS Saint-Étienne
81%
1980 (demi-finale C2)FC Nantes
72%
1990 (quart de finale C3)AJ Auxerre
64%
2000 (demi-finale C3)RC Lens
57%
1957 (quart de finale C1)OGC Nice
55%
1985 (demi-finale C1)FC Girondins de Bordeaux
47%
1978 (FINALE C3)SC Bastia
44%
1965 (quart de finale C3)RC Strasbourg
43%
1981 (demi-finale C3)FC Sochaux-Montbéliard
23%
1991 (quart de finale C2)Montpellier HSC
22%

Distribution des résultats

Percentile par nombre de réponses

% des personnes avec chaque résultat

Votre développement - résultats

Vous n’avez pas pris ce quiz